000 00452nam a2200181 a 4500
001 1758091731384
003 ACL
005 20250917122059.0
008 250917s2010##################000#0#eng##
020 _a9781845119393
082 0 4 _a791.456170941
_bLOC
100 1 _aLockyer, Sharon,
_eauthor.
245 1 0 _aReading Little Britain :
260 _bI.B. Tauris,
_c2010.
650 0 _aPerforming Arts.
942 _cENGLISH
040 _aACL
_beng
_cACL
999 _c587636
_d587636